000 00353nab a22001097u 4500
008 130520b1977 xxu||||| |||| 00| 0 spa d
041 _aspa
100 1 _aRobles Carcedo, Laureano
_95359
245 0 0 _aIsidoro de Sevilla, escritor monástico
_cLaureano Robles Carcedo
773 0 _tStudia Silensia
_gnº4,1977,págs. 39-72
_x0210-8739
_wRev456
942 _cAR
999 _c370675
_d370675